| 000 | 01036nam a22003377a 4500 | ||
|---|---|---|---|
| 003 | CHAP | ||
| 005 | 20220817041039.0 | ||
| 008 | 971013s1978 r 00010 d | ||
| 010 | _a5276 | ||
| 011 | _a6248 | ||
| 035 | _a5468 | ||
| 040 | _cCHAP | ||
| 090 | _aFolleto 1884 (1978) | ||
| 100 | 0 | 0 |
_aGómez Lara, Jacobo. _949771 |
| 245 | _aElementos encadenados | ||
| 250 | _a2 ed. | ||
| 260 |
_aWashington : _bUnión Panamericana, _c1978 |
||
| 300 | _a129 p. | ||
| 490 |
_aSerie de química: monografía _v; 5 |
||
| 590 |
_aBATCH-UPD _b10 _c20130110 _lUCH01 _h0059 |
||
| 590 |
_aBATCH-UPD _b10 _c20130110 _lUCH01 _h1715 |
||
| 590 |
_aBATCH-UPD _b10 _c20130409 _lUCH01 _h2048 |
||
| 590 |
_aBATCH-UPD _b10 _c20130410 _lUCH01 _h1100 |
||
| 590 |
_aBATCH-UPD _b10 _c20130914 _lUCH01 _h1851 |
||
| 590 |
_aCONVERSION _b10 _c20130109 _lUCH01 _h1304 |
||
| 650 | 1 | 4 |
_aQuímica inorgánica. _993593 |
| 830 | 0 |
_aSerie de química : monografía _v; 5 |
|
| 901 | _aBK | ||
| 942 | _cFOLL | ||
| 949 |
_aFolleto 1884 (1978) _bBC _cFOLL _d-15050 _eTS1 _i5468 _mD _si |
||
| 999 |
_c5276 _d5276 |
||